| 000 | 00849nam a2200253Ia 4500 | ||
|---|---|---|---|
| 003 | OSt | ||
| 005 | 20260123111547.0 | ||
| 008 | 220909b |||||||| |||| 00| 0 eng d | ||
| 020 | _a9781405160889 (hbd) | ||
| 037 | _cTextual | ||
| 040 |
_aCSL _beng _cCSL |
||
| 041 | _aeng | ||
| 084 |
_aI715,11:3 N2;P8 RR _qCSL |
||
| 100 |
_aArditti, Joseph _eauthor. _91104701 |
||
| 245 | 0 | _aMicropropagation of Orchids | |
| 250 | _a2 | ||
| 260 |
_aOxford: _bBlackwell Publishing, _c2008. |
||
| 300 |
_aI v. (xxi, 756p.) _b: ill. |
||
| 500 | _aRefrences 1325-1401p.; Appendix 1-8,1403-1472p.; Index 1495-1523p. | ||
| 650 |
_a Orchids-micropropagation _91104702 |
||
| 650 |
_aBotany _91104703 |
||
| 942 |
_hI715,11:3 N2;P8 RR _cREF _2CC _n0 |
||
| 999 |
_c38911 _d38911 |
||